000 02441nam a2200457 a 4500
001 ebr10556472
003 CaPaEBR
006 m u
007 cr cn|||||||||
008 110919s2012 miua sb 001 0deng d
010 _z 2011037283
020 _z9780472071685 (cloth alk. paper)
020 _z9780472051687 (pbk. alk. paper)
020 _z9780472028207 (e-book)
040 _aCaPaEBR
_cCaPaEBR
035 _a(OCoLC)794493884
043 _an-us---
050 1 4 _aE185.97.R63
_bP47 2012eb
082 0 4 _a782.0092
_223
100 1 _aPerucci, Tony.
245 1 0 _aPaul Robeson and the Cold War performance complex
_h[electronic resource] :
_brace, madness, activism /
_cTony Perucci.
260 _aAnn Arbor :
_bUniversity of Michigan Press,
_c2012.
300 _axii, 217 p. :
_bill.
490 1 _aTheater--theory/text/performance
504 _aIncludes bibliographical references and index.
505 0 _aIntroduction: the red mask of sanity -- Tonal treason and HUAC's psychoanalytic theater. Black performances and the stagecraft of statecraft -- Performing, informing, and shrieking innocence: surveillance, informance, and the performance of performance -- Discordant tones and the melody of freedom at Peekskill -- Anticommunism and the American lynching imagination -- Shedding blood and beating back fascists -- Staging anticommunism, staging racist violence -- Coda: the complex and the rupture.
533 _aElectronic reproduction.
_bPalo Alto, Calif. :
_cebrary,
_d2013.
_nAvailable via World Wide Web.
_nAccess may be limited to ebrary affiliated libraries.
600 1 0 _aRobeson, Paul,
_d1898-1976
_xPolitical activity.
610 1 0 _aUnited States.
_bCongress.
_bHouse.
_bCommittee on Un-American Activities.
650 0 _aPerformance art
_xPolitical aspects
_zUnited States.
650 0 _aFreedom and art
_xPolitical aspects
_zUnited States.
650 0 _aPolitics and culture
_zUnited States.
650 0 _aCold War
_xSocial aspects
_zUnited States.
650 0 _aRacism
_zUnited States
_xHistory
_y20th century.
650 0 _aAnti-communist movements
_zUnited States
_xHistory
_y20th century.
651 0 _aUnited States
_xRace relations.
655 7 _aElectronic books.
_2local
710 2 _aebrary, Inc.
830 0 _aTheater--theory/text/performance.
856 4 0 _uhttp://site.ebrary.com/lib/rucke/Doc?id=10556472
_zAn electronic book accessible through the World Wide Web; click to view
999 _c89738
_d89738